000 00946cam a22002772 4500
001 4976
003 UkOxU
005 20211208234003.0
008 131224s1951 mauab b 000 0 eng
035 _a5012
040 _aDLC
_cMIA
_dSER
_dBD-RJUL
_dEQO
_beng
041 _aeng
082 _a711.172
_bHAL 1951
090 _aHT169.G7
_bH3x
100 1 _aHaar, Charles M.
_q(Charles Monroe),
_d1920-2012.
_915667
245 1 0 _aLand planning law in a free society :
_ba study of the British town and country planning act /
260 _aCambridge :
_bHarvard University Press,
_c1951.
300 _axiii, 213 p.
_billus., maps.
_c25 cm.
504 _aBibliographical references included in "Notes" (p. [173]-210)
650 0 _aCity planning
_zGreat Britain.
_95728
650 0 _aRegional planning
_zGreat Britain.
_915668
650 0 _aLand use
_zGreat Britain.
_912364
830 0 _aHarvard legal studies
_915669
942 _2ddc
_cBK
999 _c4976
_d4976